<?xml version="1.0" encoding="UTF-8"?>
<marc:record xmlns:marc="http://www.loc.gov/MARC21/slim">
   <marc:leader>00000nam a2200000 a 4500</marc:leader>
   <marc:datafield ind1="1" ind2=" " tag="100">
      <marc:subfield code="a">Kessler, Liz</marc:subfield>
      <marc:subfield code="4">aut</marc:subfield>
      <marc:subfield code="e">Verfasser/-in</marc:subfield>
   </marc:datafield>
   <marc:datafield ind1=" " ind2=" " tag="653">
      <marc:subfield code="a">Antolin</marc:subfield>
   </marc:datafield>
   <marc:datafield ind1=" " ind2=" " tag="653">
      <marc:subfield code="a">Klasse-2</marc:subfield>
   </marc:datafield>
   <marc:datafield ind1="0" ind2="0" tag="245">
      <marc:subfield code="a">Emily Meermädchen - Das große Geheimnis (ein Meerjungfrauen-       Erstlesebuch für Kinder ab 6 Jahren)</marc:subfield>
   </marc:datafield>
   <marc:datafield ind1=" " ind2="1" tag="264">
      <marc:subfield code="b">Ravensburger - Verl.</marc:subfield>
      <marc:subfield code="c">2023</marc:subfield>
   </marc:datafield>
   <marc:datafield ind1="1" ind2=" " tag="490">
      <marc:subfield code="a">Emily Meermädchen</marc:subfield>
   </marc:datafield>
   <marc:datafield ind1="1" ind2=" " tag="520">
      <marc:subfield code="a">Für kleine Meerjungfrauen und Nixen ab 6 Jahren
Meine erste Kinderbuchreihe selber lesen
Eine fantasievolle Geschichte mit kurzen Kapiteln und traumhaften Bildern

Erlebe mit Emily Meermädchen die Magie des Meeres

Emily fühlt sich vom Meer magisch angezogen. Doch ihre Mutter möchte, dass sie am Strand bleibt und nicht ins Wasser geht. Denn die Wellen und der Ozean sind gefährlich! Deshalb schleicht sich Emily heimlich vom Boot. Nie hätte sie sich träumen lassen, welches Abenteuer sie in der Unterwasserwelt erwartet - als Meerjungfrau mit einer schillernden Flosse.
</marc:subfield>
   </marc:datafield>
   <marc:datafield ind1=" " ind2=" " tag="020">
      <marc:subfield code="a">9783473462506</marc:subfield>
      <marc:subfield code="9">9783473462506</marc:subfield>
   </marc:datafield>
</marc:record>
